Метод идентификации динамической модели процесса резания; Технология машиностроения и проблемы прочности

Podrobná bibliografie
Parent link:Технология машиностроения и проблемы прочности.— 1978.— С. 41-44
Hlavní autor: Кривошеин А. Л.
Jazyk:ruština
Vydáno: 1978
Témata:
Médium: Kapitola
KOHA link:https://koha.lib.tpu.ru/cgi-bin/koha/opac-detail.pl?biblionumber=307554

MARC

LEADER 00000naa2a2200000 4500
001 307554
005 20260123092253.0
035 |a (RuTPU)RU\TPU\book\332847 
035 |a RU\TPU\tpu\8176 
090 |a 307554 
100 |a 20151021d1978 k y0rusy50 ca 
101 |a rus 
102 |a RU 
200 1 |a Метод идентификации динамической модели процесса резания  |f А. Л. Кривошеин 
463 |0 (RuTPU)RU\TPU\book\332490  |t Технология машиностроения и проблемы прочности  |o межвузовский научно-технический сборник  |f Томский политехнический институт (ТПИ) ; отв. ред. М. Ф. Полетика  |v С. 41-44  |d 1978 
610 1 |a резание металлов 
610 1 |a моделирование 
610 1 |a труды учёных ТПУ 
700 1 |a Кривошеин  |b А. Л. 
801 0 |a RU  |b 63413507  |c 20020118  |g PSBO 
801 2 |a RU  |b 63413507  |c 20151021  |g RCR 
942 |c BK